| 000 | 00946cam a2200229 4500 | ||
|---|---|---|---|
| 001 | WB3821-15 | ||
| 008 | 020612n2002 000 0 eng u | ||
| 035 | _a(Sirsi) u118389 | ||
| 245 | _aTighter mineral site controls | ||
| 260 | _c2002 | ||
| 490 |
_aScottish Executive Press Release _v10 June 2002 (2) |
||
| 520 | _aTighter controls are to be introduced in Scotland to crack down on quarry operators who not bringing old mineral sites up to modern standards quickly enough. Operators are failing to provide environmental impact information which enable planning authorities to determine applications in accordance with EC rules. http://www.scotland.gov.uk/pages/news/2002/06/SEsj026.aspx | ||
| 590 | _aWB | ||
| 650 | _aMINERAL SITES | ||
| 650 | _aMINERAL EXTRACTION | ||
| 650 | _aMINERAL PERMISSIONS | ||
| 650 | _aCONSENTS | ||
| 650 | _aENVIRONMENTAL IMPACT | ||
| 650 | _aSCOTLAND | ||
| 690 | _aMINING AND MINERALS | ||
| 942 | _n0 | ||
| 999 |
_c70470 _d70470 |
||